000 00813nam a2200289 i 4500
001 C2-0325214
003 PPAK
005 20180728123307.0
008 140121s2013 my a|||| ||||| | may d
020 _a9789674032609
040 _aPPAK
_beng
_cPPAK
_erda
082 0 4 _a899.233
_223
090 0 0 _a899.233
_bNUR
_dK
100 0 _aNur Shamsiah On,
_eauthor
245 1 0 _aRahsia terowong Palek Bang
264 1 _aKuala Lumpur :
_bAna Muslim ,
_c2013
300 _a156 pages :
_billustrations ;
_c17 cm
336 _2rdacontent
_atext
337 _2rdamedia
_aunmediated
338 _2rdacarrier
_avolume
490 1 _aSiri kembara Mia dan Kia
500 _a10-14 Tahun
650 1 0 _aChildren's stories, Malay.
700 0 _aAnies H.,
_eeditor
830 0 _aSiri kembara Mia dan Kia
942 _ddc
_cB
999 _c124957
_d124957